Statistics for Guess the countries + territories that start with C

Click here to take the quiz!

General Stats

  • This quiz has been taken 47 times
  • The average score is 15 of 20

Answer Stats

Answer% Correct
Canada
100%
Cambodia
98%
Cameroon
98%
China
93%
Colombia
93%
Cyprus
93%
Chad
90%
Chile
90%
Croatia
90%
Czech Republic
90%
Cuba
88%
Comoros
83%
Costa Rica
83%
Central African Republic
70%
Cook Islands
60%
Cayman Islands
53%
Curacao
53%
Christmas Island
48%
Cocos (Keeling) Islands
18%
Capo Verde
10%

Score Distribution

Percentile by Number Answered

Percent of People with Each Score

Your Score History

You have not taken this quiz